Countries With The Lowest Population % Living In The Capital - Statistics

General Stats
  • This quiz has been taken 23 times
  • The average score is 12 of 20
Answer Stats
% Country % Correct
1.7 Australia
100%
0.02 India
100%
0.2 United States
95%
1.4 Brazil
85%
1.5 China
85%
0.6 Tanzania
80%
0.4 Pakistan
75%
0.6 Nigeria
70%
1.5 Switzerland
70%
0.0 Palau
60%
1.6 Philippines
50%
1.6 Morocco
45%
0.5 Sri Lanka
45%
2.0 Benin
40%
1.3 Côte d'Ivoire
40%
1.1 Burundi
35%
1.1 Malta
35%
1.2 Gambia
25%
1.6 Belgium
15%
1.3 Kuwait
10%
No matching quizzes found
Score Distribution
Percent of People with Each Score
Percentile by Number Answered
Your Score History
You have not taken this quiz